Medzinárodnoprávna úprava ochrany atmosféry bakalárska práca

Salvato in:
Dettagli Bibliografici
Autore principale: Štefanidesová, Mária
Ente Autore: Fakulta medzinárodných vzťahov EU. Katedra medzinárodného práva
Altri autori: Klenka, Michal
Natura: Libro
Lingua:slovacco
Pubblicazione: Bratislava 2019
Tags: Aggiungi Tag
Nessun Tag, puoi essere il primo ad aggiungerne!!

MARC

LEADER 00000nbm a2200000 4500
001 0265681
005 20200909144707.1
041 0 |a slo 
044 |a SK 
245 1 0 |a Medzinárodnoprávna úprava ochrany atmosféry  |b bakalárska práca  |c Mária Štefanidesová ; školiteľ: Michal Klenka 
264 1 |a Bratislava  |c 2019 
300 |a 49 s. 
100 1 |a Štefanidesová, Mária 
700 1 |a Klenka, Michal 
710 2 |a Fakulta medzinárodných vzťahov EU. Katedra medzinárodného práva